00316nam a2200097 4500245008600000100001900086260006000105300001800165490001800183082001700201 aMay we borrow your husband ? and other comedies of the sexual lifecGraham Greene aGreene, Graham aHarmondsworth,EngbPenguin Booksc1969 [reprinted 1973] a141p.; 18cm.- aPenguin books a823.912bGRE